00376nam a2200133Ia 4500082001500000245003500015260004500050300001500095650003100110650001400141650003600155650003000191700002100221 a954.04 IN; 0aIndia : democracy and violence aNew DelhibOxford University Pressc2015 aviii, 258p aPOLITICAL VIOLENCE - INDIA aDEMOCRACY aINDIA - POLITICS AND GOVERNMENT aINDIA - HISTORY - 1947-71 aDas, Samir Kumar